<?xml version="1.0" encoding="UTF-8"?>
<record
    xmlns:xsi="http://www.w3.org/2001/XMLSchema-instance"
    xsi:schemaLocation="http://www.loc.gov/MARC21/slim http://www.loc.gov/standards/marcxml/schema/MARC21slim.xsd"
    xmlns="http://www.loc.gov/MARC21/slim">

  <leader>00448nam a22001697a 4500</leader>
  <controlfield tag="003">SGT</controlfield>
  <datafield tag="020" ind1=" " ind2=" ">
    <subfield code="a">97803238793742</subfield>
  </datafield>
  <datafield tag="082" ind1=" " ind2=" ">
    <subfield code="a">611</subfield>
    <subfield code="b">N23N</subfield>
  </datafield>
  <datafield tag="100" ind1=" " ind2=" ">
    <subfield code="a">NETTER, FRANK H. </subfield>
  </datafield>
  <datafield tag="245" ind1=" " ind2=" ">
    <subfield code="a">NETTER ATLAS OF HUMAN ANATOMY CLASIC REGIONAL APPROACH</subfield>
  </datafield>
  <datafield tag="250" ind1=" " ind2=" ">
    <subfield code="a">8TH</subfield>
  </datafield>
  <datafield tag="260" ind1=" " ind2=" ">
    <subfield code="a">PHILADELPHIA</subfield>
    <subfield code="b">ELSEVIER PUB </subfield>
    <subfield code="c">2023</subfield>
  </datafield>
  <datafield tag="300" ind1=" " ind2=" ">
    <subfield code="a">556</subfield>
  </datafield>
  <datafield tag="650" ind1=" " ind2=" ">
    <subfield code="a">HUMAN ANATOMY</subfield>
  </datafield>
  <datafield tag="653" ind1=" " ind2=" ">
    <subfield code="a">NETTER ATLAS OF HUMAN ANATOMY CLASIC REGIONAL APPROACH</subfield>
  </datafield>
  <datafield tag="942" ind1=" " ind2=" ">
    <subfield code="2">ddc</subfield>
    <subfield code="c">BK</subfield>
  </datafield>
  <datafield tag="952" ind1=" " ind2=" ">
    <subfield code="0">0</subfield>
    <subfield code="1">0</subfield>
    <subfield code="2">ddc</subfield>
    <subfield code="4">0</subfield>
    <subfield code="7">1</subfield>
    <subfield code="8">MEDICAL</subfield>
    <subfield code="a">FM</subfield>
    <subfield code="b">FM</subfield>
    <subfield code="c">REF</subfield>
    <subfield code="d">2025-02-11</subfield>
    <subfield code="e">ABC DELHI</subfield>
    <subfield code="g">2395.00</subfield>
    <subfield code="i">SGTU</subfield>
    <subfield code="o">611 N23N</subfield>
    <subfield code="p">FM14946</subfield>
    <subfield code="r">2025-04-05 00:00:00</subfield>
    <subfield code="w">2025-02-11</subfield>
    <subfield code="y">BK</subfield>
    <subfield code="k">20461</subfield>
  </datafield>
  <datafield tag="952" ind1=" " ind2=" ">
    <subfield code="0">0</subfield>
    <subfield code="1">0</subfield>
    <subfield code="2">ddc</subfield>
    <subfield code="4">0</subfield>
    <subfield code="7">0</subfield>
    <subfield code="8">MEDICAL</subfield>
    <subfield code="a">FM</subfield>
    <subfield code="b">FM</subfield>
    <subfield code="c">TXT</subfield>
    <subfield code="d">2025-02-11</subfield>
    <subfield code="e">ABC DELHI</subfield>
    <subfield code="g">2395.00</subfield>
    <subfield code="i">SGTU</subfield>
    <subfield code="l">7</subfield>
    <subfield code="o">611 N23N</subfield>
    <subfield code="p">FM14947</subfield>
    <subfield code="q">2026-06-05</subfield>
    <subfield code="r">2026-05-22 13:44:26</subfield>
    <subfield code="s">2026-05-22</subfield>
    <subfield code="w">2025-02-11</subfield>
    <subfield code="y">BK</subfield>
    <subfield code="k">20461</subfield>
  </datafield>
  <datafield tag="952" ind1=" " ind2=" ">
    <subfield code="0">0</subfield>
    <subfield code="1">0</subfield>
    <subfield code="2">ddc</subfield>
    <subfield code="4">0</subfield>
    <subfield code="7">0</subfield>
    <subfield code="8">MEDICAL</subfield>
    <subfield code="a">FM</subfield>
    <subfield code="b">FM</subfield>
    <subfield code="c">TXT</subfield>
    <subfield code="d">2025-02-11</subfield>
    <subfield code="e">ABC DELHI</subfield>
    <subfield code="g">2395.00</subfield>
    <subfield code="i">SGTU</subfield>
    <subfield code="l">4</subfield>
    <subfield code="o">611 N23N</subfield>
    <subfield code="p">FM14948</subfield>
    <subfield code="r">2026-03-20 00:00:00</subfield>
    <subfield code="s">2026-03-17</subfield>
    <subfield code="w">2025-02-11</subfield>
    <subfield code="y">BK</subfield>
    <subfield code="k">20461</subfield>
  </datafield>
  <datafield tag="952" ind1=" " ind2=" ">
    <subfield code="0">0</subfield>
    <subfield code="1">0</subfield>
    <subfield code="2">ddc</subfield>
    <subfield code="4">0</subfield>
    <subfield code="7">0</subfield>
    <subfield code="8">MEDICAL</subfield>
    <subfield code="a">FM</subfield>
    <subfield code="b">FM</subfield>
    <subfield code="c">TXT</subfield>
    <subfield code="d">2025-02-11</subfield>
    <subfield code="e">ABC DELHI</subfield>
    <subfield code="g">2395.00</subfield>
    <subfield code="i">SGTU</subfield>
    <subfield code="l">12</subfield>
    <subfield code="o">611 N23N</subfield>
    <subfield code="p">FM14949</subfield>
    <subfield code="r">2026-05-26 13:53:15</subfield>
    <subfield code="s">2026-05-13</subfield>
    <subfield code="w">2025-02-11</subfield>
    <subfield code="y">BK</subfield>
    <subfield code="k">20461</subfield>
  </datafield>
  <datafield tag="952" ind1=" " ind2=" ">
    <subfield code="0">0</subfield>
    <subfield code="1">0</subfield>
    <subfield code="2">ddc</subfield>
    <subfield code="4">0</subfield>
    <subfield code="7">0</subfield>
    <subfield code="8">MEDICAL</subfield>
    <subfield code="a">FM</subfield>
    <subfield code="b">FM</subfield>
    <subfield code="c">TXT</subfield>
    <subfield code="d">2025-02-11</subfield>
    <subfield code="e">ABC DELHI</subfield>
    <subfield code="g">2395.00</subfield>
    <subfield code="i">SGTU</subfield>
    <subfield code="l">9</subfield>
    <subfield code="o">611 N23N</subfield>
    <subfield code="p">FM14950</subfield>
    <subfield code="q">2026-06-08</subfield>
    <subfield code="r">2026-05-25 15:24:22</subfield>
    <subfield code="s">2026-05-25</subfield>
    <subfield code="w">2025-02-11</subfield>
    <subfield code="y">BK</subfield>
    <subfield code="k">20461</subfield>
  </datafield>
  <datafield tag="999" ind1=" " ind2=" ">
    <subfield code="c">30700</subfield>
    <subfield code="d">30700</subfield>
  </datafield>
</record>
